Statistics for FIFA 23 Ones To Watch

Click here to take the quiz!

General Stats

  • This quiz has been taken 206 times
    (188 since last reset)
  • The average score is 16 of 19

Answer Stats

ClubPositionRatingAnswer% Correct
BarcelonaST91Robert Lewandowski
99%
Man CityST88Erling Haaland
97%
Bayern MunichLM89Sadio Mane
96%
RomaCF86Paulo Dybala
95%
Real MadridCB87Antonio Rudiger
94%
ArsenalST83Gabriel Jesus
92%
LiverpoolST82Darwin Nunez
89%
Man UnitedRW82Antony
86%
Bayern MunichCB85Matthijs De Ligt
84%
ChelseaLW86Raheem Sterling
83%
TottenhamST81Richarlison
83%
Real MadridCM82Aurelien Tchouameni
79%
BarcelonaCDM84Franck Kessie
79%
AC MilanRB77Sergino Dest
75%
LeedsCDM76Tyler Adams
74%
Borussia DortmundCB82Nico Schlotterbeck
73%
PSGCM80Renato Sanches
70%
LyonCM81Corentin Tolisso
68%
AjaxLW80Steven Bergwijn
61%

Score Distribution

Percentile by Number Answered

Percent of People with Each Score

Your Score History

You have not taken this quiz since the last reset